000 00502nam a2200181Ia 4500
005 20250508150242.0
008 008 250505s9999 xx 000 0 eng d
037 _aTextual
040 _aFEDL
_beng
_cFEDL
041 _aeng
_2eng
084 _a516, MCG
_qFEDL
100 _aMcCrea William H
_9756247
245 0 _aAnalytical geometry of three dimensions
260 _aEdinburgh
_bOliver and Boyd
_c1947
300 _avii,143p.
942 _cTEXL
_h516, MCG
999 _c1322648
_d1322648